000 00239nam a22001097a 4500
999 _c12570
_d12570
020 _a978-9382226192
082 _a650
100 _aBlackburn, Jidan
245 _aBusiness Environment
260 _aIndia
_bRandom Exports
_c2013
942 _cBK